Most Common Metals In The Earth's Crust - Statistics

General Stats
  • This quiz has been taken 108 times
  • The average score is 9 of 18
Answer Stats
Answer % Correct
Iron
95%
Copper
88%
Nickel
78%
Aluminum
76%
Zinc
70%
Magnesium
69%
Manganese
58%
Calcium
52%
Potassium
52%
Sodium
50%
Titanium
48%
Tungsten
47%
Chromium
38%
Barium
27%
Rubidium
27%
Zirconium
27%
Vanadium
26%
Strontium
22%
No matching quizzes found
Score Distribution
Percent of People with Each Score
Percentile by Number Answered
Your Score History
You have not taken this quiz